000 00293nam a22001337a 4500
008 170807b xxu||||| |||| 00| 0 eng d
020 _a9780028140964
041 _aeng
080 _a004
100 _a33
101 _aSHKI
245 _aMICROCOMPUTER KEYBOARDING
_cGLENCOE
942 _2udc
_cBK
999 _c22807
_d22807